000 00635nam a22001817a 4500
999 _c186313
_d186313
005 20220222161054.0
010 _aENG-131743
020 _a9788194878759
_c399.00
035 _aEN-115275
037 _bDBAD/PUB
082 _a516.07
245 _aB.Sc Mathematics-II:
_bThree Dimensional Analytical Solid Geometry/
_cV.K. Madhuri et.al.
260 _aHyderabad
_bSpectrum University Press
_c2021
270 _bHyderabad,
_a#326/C,Level-2, Surneni Nilyam
_e5000038
_k011-238000657
_mstudentshelpline.in@gmail.com
300 _aviii,368p.
_c24cm(pbk)
700 _aMadhuri, V.K.et.al.
942 _2ddc
_cEN
_h516.07
_mMAD